Mobutu, chefe supremo : do sargento Joseph Désiré ao general Sese Seko /
Saved in:
| Main Author: | |
|---|---|
| Format: | Book |
| Language: | Portuguese French |
| Published: |
Porto :
Afrontamento,
1975.
|
| Series: | Libertação dos povos das colónias ;
9. |
| Subjects: | |
| Tags: |
Add Tag
No Tags, Be the first to tag this record!
|
| LEADER | 00875nam a2200253Ia 4500 | ||
|---|---|---|---|
| 001 | 001068703-3 | ||
| 005 | 20020606090541.3 | ||
| 008 | 770902s1975 po b 00010 por d | ||
| 035 | 0 | |a ocm03236675 | |
| 040 | |a DLM |c DLM | ||
| 041 | 1 | |a por |h fre | |
| 043 | |a f-cg--- | ||
| 100 | 1 | |a Chomé, Jules | |
| 245 | 1 | 0 | |a Mobutu, chefe supremo : |b do sargento Joseph Désiré ao general Sese Seko / |c Jules Chomé. |
| 260 | 0 | |a Porto : |b Afrontamento, |c 1975. | |
| 300 | |a 177 p. ; |c 24 cm. | ||
| 490 | 1 | |a Libertação dos povos das colónias ; |v 9 | |
| 500 | |a Translation of: L'ascension de Mobutu and Mobutu, guide suprême. | ||
| 504 | |a Includes bibliographical references. | ||
| 600 | 0 | 0 | |a Mobutu Sese Seko, |d 1930-1997. |
| 651 | 0 | |a Congo (Democratic Republic) |x Politics and government |y 1960-1997. | |
| 830 | 0 | |a Libertação dos povos das colónias ; |v 9. | |
| 988 | |a 20020608 | ||
| 906 | |0 OCLC | ||


